| 000 | 00603nam a2200193 i 4500 | ||
|---|---|---|---|
| 001 | 47288 | ||
| 003 | ES-MaACL | ||
| 005 | 20250630161142.0 | ||
| 007 | t| | ||
| 008 | 030404s1934 sp ||||1| spa d | ||
| 100 | 1 |
_aCooper-Prichard, A. M. _940397 |
|
| 245 | 1 | 0 |
_aConversaciones con Oscar Wilde / _cA. M. Cooper-Prichard ; traducción del inglés y notas de Héctor Licudi. |
| 260 |
_aMadrid : _bBiblioteca Nueva, _c1934. |
||
| 300 |
_a305 p. ; _c19 cm. |
||
| 600 | 1 | 4 |
_aWilde, Oscar, _d1854-1900 _9241147 |
| 700 | 1 |
_aLicudi, Hector. _972206 |
|
| 852 |
_aES-MaACL _jA-2549 |
||
| 999 |
_c47288 _d47288 |
||